01384nam a22003255i 4500999001700000003000900017005001700026008004100043020001800084020001500102040004300117082002000160100003400180245008700214264003800301264001000339300002400349336002600373337002800399338002700427504004100454520023900495600003400734650003400768650003700802651001000839653002400849942001200873952017300885 c11483d11483EG-ScBUE20201128020746.0090503t20092009nyua f b 000 0 eng d a9780071615891 a007161589X aEG-ScBUEbengerdacEG-ScBUEdEG-ScBUE04a808.51bLEA2221 aLeanne, Shel,eauthor.94044310aSay it Like Obama :bthe power of speaking with purpose and vision /cShel Leanne. 1aNew York :bMcGraw- Hill,c[2009] 4cc20092 axxiii, 214 ;c21 cm atextbtxt2rdacontent aunmediatedbn2rdamedia avolumebnc2rdacarrier aIncludes bibliographical references. aObama's outstanding communication skills gave rise to an unprecedented political movement and fueled his success. This book is about the art of persuasion, the power of presentation, and the most effective techniques of communication.17aObama, BarackxOratory2BUEsh 7aPublic speaking.2BUEsh91867 7aOral communication.2BUEsh94547 2BUEsh bBUSBOLcOctober2020 2ddccBB 00102ddc40708BaccahaMAINbMAINc2NDd2009-05-03epurchaseg140.48h6995l10m17o808.51 LEAp000016315q2026-02-02r2022-12-20 00:00:00s2022-12-20w2009-05-03yBB